| 000 | 00539nam a2200193 i 4500 | ||
|---|---|---|---|
| 001 | 47283 | ||
| 003 | ES-MaACL | ||
| 005 | 20230906161532.0 | ||
| 007 | t| | ||
| 008 | 030404s1952 sp ||||1| spa d | ||
| 100 | 1 |
_aCooper, James Fenimore. _940390 |
|
| 245 | 1 | 0 |
_aDoña Mercedes de Castilla / _cJ. Fenimore Cooper. |
| 260 |
_aMadrid : _bSiglo XX, _c[1952] ( _fJ. Cosano) |
||
| 300 |
_a262 p. ; _c19 cm. |
||
| 490 | 1 | _aCapa y espada | |
| 830 | 0 |
_aCapa y espada _9182845 |
|
| 852 |
_aES-MaACL _jD-8290 _bR.33013 |
||
| 999 |
_c47283 _d47283 |
||